LEADER 00490nas 2200181z- 450 001 9910891609603321 005 20260324110315.0 035 $a(CKB)4920000000476837 035 $a(DE-599)2732746-2 035 $a(EXLCZ)994920000000476837 100 $a20200420cuuuuuuuu -u- - 101 0 $aeng 200 00$aArtists Repository and Drawing Magazine 210 $cTaylor 906 $aJOURNAL 912 $a9910891609603321 996 $aArtists repository and drawing magazine$94224649 997 $aUNINA